Les clubs de foot dirigés par des joueurs de foot - Statistiques

Statistiques générales
  • Ce quiz a été pris 55 fois
  • Le résultat moyen est 3 sur 13
Statistiques - réponses
Club Dirigeant % Correct
SM Caen Kylian Mbappe
96%
Inter Miami David Beckham
92%
Real Valladolid Ronaldo
54%
FC Andorre Gérard Piqué
38%
Côme 1907 Thierry Henry
24%
Hammarby Zlatan Ibrahimovic
12%
RE Virton N'Golo Kanté
10%
Albacete Andrés Iniesta
4%
Phoenix Rising Didier Drogba
2%
Miami FC Paolo Maldini
2%
Salford City Paul Scholes
2%
CD Mafra Marcelo
0%
FC Rangers Marco Fabian
0%
Aucun quiz correspondant
Distribution des résultats
% des personnes avec chaque résultat
Percentile par nombre de réponses
Votre historique - résultats
Vous n’avez pas pris ce quiz